[Event "Koge Lang Sommer Weekend"]
[Site "Koge"]
[Date "2020.07.25"]
[Round "5"]
[White "Moller, Arne Vagn"]
[Black "Pawlak, Wojciech Zbignew"]
[Result "1-0"]
[WhiteElo "1893"]
[BlackElo "1617"]
[PlyCount "77"]
[EventDate "2020.07.22"]
[EventType "swiss"]
[EventRounds "7"]
[EventCountry "DEN"]
[SourceTitle "EXT 2021"]
[Source "ChessBase"]
[SourceDate "2020.10.23"]
[SourceVersion "1"]
[SourceVersionDate "2020.10.23"]
[SourceQuality "1"]

1. e4 c5 2. Nf3 d6 3. d4 cxd4 4. Nxd4 Nf6 5. Nc3 a6 6. Be2 e5 7. Nb3 Be6 8. 0-0 Be7 9. Be3 Nc6 10. f3 d5 11. Nxd5 Nxd5 12. exd5 Bxd5 13. c3 0-0 14. Qe1 Bxb3 15. axb3 Qc7 16. Qf2 b5 17. b4 f5 18. Rfd1 f4 19. Bc5 Bxc5 20. Qxc5 Qa7 21. Qxa7 Rxa7 22. Rd6 Rf6 23. Rad1 Rc7 24. R6d5 Kf7 25. Bd3 Ne7 26. Rxe5 Rd6 27. Bc2 Rxd1+ 28. Bxd1 Rd7 29. Bb3+ Kf8 30. Kf1 Rd2 31. Re2 Rd7 32. g4 fxg3 33. hxg3 Ra7 34. Re5 Nc6 35. Rc5 Ne7 36. Ke2 Ng6 37. f4 Ne7 38. f5 h5 39. Be6 1-0

[Event "Koge Lang Sommer Weekend"]
[Site "Koge"]
[Date "2020.07.24"]
[Round "4"]
[White "Pawlak, Wojciech Zbignew"]
[Black "Knudsen, Martin Mosgaard"]
[Result "1/2-1/2"]
[WhiteElo "1617"]
[BlackElo "1681"]
[PlyCount "78"]
[EventDate "2020.07.22"]
[EventType "swiss"]
[EventRounds "7"]
[EventCountry "DEN"]
[SourceTitle "EXT 2021"]
[Source "ChessBase"]
[SourceDate "2020.10.23"]
[SourceVersion "1"]
[SourceVersionDate "2020.10.23"]
[SourceQuality "1"]

1. c4 e6 2. g3 f5 3. Nc3 Nf6 4. d3 a5 5. Bg2 Be7 6. Nf3 0-0 7. 0-0 d6 8. b3 Qe8 9. Nb5 Na6 10. Bb2 c6 11. Nc3 Nc7 12. a3 Nh5 13. e3 e5 14. Ne2 f4 15. exf4 exf4 16. d4 Bg4 17. h3 Bxf3 18. Bxf3 fxg3 19. Nxg3 Nf4 20. Bg2 Nxg2 21. Kxg2 d5 22. Re1 Rf6 23. Qh5 Qd7 24. Qg4 Ne6 25. Kf1 Raf8 26. cxd5 Qxd5 27. Qe4 Rxf2+ 28. Kg1 Qxe4 29. Rxe4 Bd6 30. Rxe6 Bxg3 31. Bc3 Rc2 32. Bxa5 Rff2 33. Be1 Rg2+ 34. Kh1 Rh2+ 35. Kg1 Rhg2+ 36. Kh1 Rh2+ 37. Kg1 Rcg2+ 38. Kf1 Rc2 39. Kg1 Rcg2+ 1/2-1/2

[Event "Koge Lang Sommer Weekend"]
[Site "Koge"]
[Date "2020.07.23"]
[Round "3"]
[White "Vedant, Kumar Saravana"]
[Black "Pawlak, Wojciech Zbignew"]
[Result "1/2-1/2"]
[WhiteElo "1718"]
[BlackElo "1617"]
[PlyCount "78"]
[EventDate "2020.07.22"]
[EventType "swiss"]
[EventRounds "7"]
[EventCountry "DEN"]
[SourceTitle "EXT 2021"]
[Source "ChessBase"]
[SourceDate "2020.10.23"]
[SourceVersion "1"]
[SourceVersionDate "2020.10.23"]
[SourceQuality "1"]

1. e4 c5 2. Nf3 d6 3. d4 cxd4 4. Nxd4 Nf6 5. Nc3 a6 6. Be3 e5 7. Nb3 Be6 8. a4 Qc7 9. Be2 Nc6 10. 0-0 Na5 11. Nd5 Nxd5 12. exd5 Nxb3 13. cxb3 Bf5 14. Rc1 Qd7 15. Bd3 Bxd3 16. Qxd3 Be7 17. Rc3 0-0 18. Rfc1 Rac8 19. Qc2 Rxc3 20. Qxc3 f5 21. Qc7 Rd8 22. Bb6 Bg5 23. Rc2 f4 24. Qxd7 Rxd7 25. f3 Bf6 26. Kf2 h5 27. Ke2 g5 28. h3 Rg7 29. Rc7 g4 30. hxg4 hxg4 31. Rxg7+ Kxg7 32. Kd3 gxf3 33. gxf3 Kg6 34. Ke4 Kg5 35. Bf2 Bd8 36. Be1 b5 37. Bb4 Bc7 38. Be1 Bd8 39. Bb4 Bc7 1/2-1/2

[Event "Koge Lang Sommer Weekend"]
[Site "Koge"]
[Date "2020.07.22"]
[Round "1"]
[White "Wahlund, Max"]
[Black "Pawlak, Wojciech Zbignew"]
[Result "1-0"]
[WhiteElo "2124"]
[BlackElo "1617"]
[PlyCount "81"]
[EventDate "2020.07.22"]
[EventType "swiss"]
[EventRounds "7"]
[EventCountry "DEN"]
[SourceTitle "EXT 2021"]
[Source "ChessBase"]
[SourceDate "2020.10.23"]
[SourceVersion "1"]
[SourceVersionDate "2020.10.23"]
[SourceQuality "1"]

1. b3 Nf6 2. Bb2 d5 3. e3 Nc6 4. Nf3 Bg4 5. Bb5 a6 6. Bxc6+ bxc6 7. h3 Bxf3 8. Qxf3 e6 9. d3 Bd6 10. Nd2 Qe7 11. 0-0 Ba3 12. Bxa3 Qxa3 13. Qg3 Qe7 14. Nf3 0-0 15. Ne5 Qd6 16. f4 Nh5 17. Qf3 g6 18. c4 f6 19. c5 Qe7 20. Nxc6 Qxc5 21. Rac1 Qd6 22. d4 a5 23. Rc5 Ra6 24. Rfc1 Rfa8 25. Qe2 Ng3 26. Qe1 Ne4 27. Rxa5 Rxa5 28. Nxa5 Qa3 29. b4 Qxa2 30. Rxc7 Qb2 31. Qh4 h5 32. Qe1 Rb8 33. Nc6 Ra8 34. Ra7 Rxa7 35. Nxa7 Qa3 36. Nc6 Qa6 37. Na5 Qb5 38. Nb3 Kf7 39. Nc5 Nd6 40. Qa1 Qxb4 41. Qa7+ 1-0

[Event "Copenhagen Bronshoj op"]
[Site "Copenhagen"]
[Date "2016.??.??"]
[Round "1"]
[White "Andersen, Rune"]
[Black "Pawlak, Wojciech Zbignew"]
[Result "1-0"]
[WhiteElo "2149"]
[BlackElo "1775"]
[PlyCount "25"]
[EventDate "2016.02.12"]
[EventType "swiss"]
[EventRounds "7"]
[EventCountry "DEN"]
[SourceTitle "CBM 170 Extra"]
[Source "ChessBase"]
[SourceDate "2016.02.25"]
[SourceVersion "1"]
[SourceVersionDate "2016.02.25"]
[SourceQuality "1"]

1. d4 Nf6 2. c4 g6 3. Nc3 d5 4. Nf3 Bg7 5. h4 c6 6. cxd5 cxd5 7. Bg5 Nc6 8. Bxf6 Bxf6 9. e3 Bg4 10. Qb3 Bxf3 11. gxf3 e6 12. Qxb7 Qc8 13. Ba6 1-0

[Event "Copenhagen Bronshoj op"]
[Site "Copenhagen"]
[Date "2016.??.??"]
[Round "3"]
[White "Madsen, Michael Ole"]
[Black "Pawlak, Wojciech Zbignew"]
[Result "1-0"]
[WhiteElo "2071"]
[BlackElo "1775"]
[PlyCount "86"]
[EventDate "2016.02.12"]
[EventType "swiss"]
[EventRounds "7"]
[EventCountry "DEN"]
[SourceTitle "CBM 170 Extra"]
[Source "ChessBase"]
[SourceDate "2016.02.25"]
[SourceVersion "1"]
[SourceVersionDate "2016.02.25"]
[SourceQuality "1"]

1. d4 d5 2. c4 e6 3. Nc3 Nf6 4. cxd5 exd5 5. Bg5 Be7 6. e3 c6 7. Qc2 h6 8. Bh4 Nbd7 9. Bd3 0-0 10. Nf3 Re8 11. 0-0 Ne4 12. Bxe7 Qxe7 13. b4 Ndf6 14. Rab1 Nxc3 15. Qxc3 Ne4 16. Qc2 Bf5 17. b5 Rac8 18. Qb3 Be6 19. bxc6 bxc6 20. Rfd1 c5 21. dxc5 Nxc5 22. Qa3 Nxd3 23. Qxd3 Qc5 24. Nd4 Qc4 25. h3 Qxd3 26. Rxd3 Rc7 27. Ra3 Rec8 28. Ra6 Re7 29. Rb3 Rcc7 30. Nc6 Red7 31. Rba3 Rd6 32. Ne7+ Rxe7 33. Rxd6 Rc7 34. Rda6 Rc1+ 35. Kh2 Rc2 36. Kg3 Rd2 37. Rxa7 d4 38. exd4 Rxd4 39. Re3 Rd2 40. a4 h5 41. h4 Ra2 42. a5 Ra4 43. f3 Bc4 1-0

[Event "Copenhagen Bronshoj op"]
[Site "Copenhagen"]
[Date "2016.??.??"]
[Round "2"]
[White "Pawlak, Wojciech Zbignew"]
[Black "Nielsen, Morten Majlund"]
[Result "0-1"]
[WhiteElo "1775"]
[BlackElo "1995"]
[PlyCount "78"]
[EventDate "2016.02.12"]
[EventType "swiss"]
[EventRounds "7"]
[EventCountry "DEN"]
[SourceTitle "CBM 170 Extra"]
[Source "ChessBase"]
[SourceDate "2016.02.25"]
[SourceVersion "1"]
[SourceVersionDate "2016.02.25"]
[SourceQuality "1"]

1. e4 c6 2. d4 d5 3. exd5 cxd5 4. c4 Nf6 5. Nc3 Nc6 6. Nf3 Bg4 7. cxd5 Nxd5 8. Qb3 Bxf3 9. gxf3 e6 10. Qxb7 Nxd4 11. Bb5+ Nxb5 12. Qc6+ Ke7 13. Nxb5 Rb8 14. Bd2 Qd7 15. Qxd7+ Kxd7 16. Nc3 Rxb2 17. Nxd5 exd5 18. a3 Bxa3 19. Bc1 Bb4+ 20. Kf1 Rc2 21. Rxa7+ Ke6 22. Kg2 Bc5 23. Re1+ Kf6 24. Ra6+ Kf5 25. Ra5 Rxf2+ 26. Kh1 Rc8 27. Rxc5 Rxc5 28. Be3 Rcc2 29. Bxf2 Rxf2 30. Re3 d4 31. Re7 d3 32. Kg1 d2 33. Kxf2 d1Q 34. Rxf7+ Kg6 35. Rf4 Qd2+ 36. Kg3 Qd6 37. Kg4 h5+ 38. Kg3 Qe5 39. h4 Qd6 0-1

[Event "Copenhagen Challenge"]
[Site "Ballerup"]
[Date "2015.05.02"]
[Round "6"]
[White "Pawlak, Wojciech Zbignew"]
[Black "Kallenbach, Uffe"]
[Result "0-1"]
[WhiteElo "1753"]
[BlackElo "1641"]
[PlyCount "102"]
[EventDate "2015.04.29"]
[EventType "swiss"]
[EventRounds "9"]
[EventCountry "DEN"]
[SourceTitle "CBM 166 Extra"]
[Source "ChessBase"]
[SourceDate "2015.06.18"]
[SourceVersion "1"]
[SourceVersionDate "2015.06.18"]
[SourceQuality "1"]

1. c4 Nf6 2. g3 e6 3. Bg2 d5 4. Nf3 Nbd7 5. cxd5 exd5 6. Nc3 c6 7. 0-0 Be7 8. d3 0-0 9. a3 Re8 10. Re1 Nf8 11. Qc2 Bg4 12. Ne5 Be6 13. b4 Rc8 14. d4 Ng4 15. Nf3 b6 16. h3 Nf6 17. Na4 Ne4 18. Nc3 f5 19. Nxe4 fxe4 20. Ne5 c5 21. bxc5 bxc5 22. Qa4 Qc7 23. Bf4 Bd6 24. Rec1 c4 25. f3 exf3 26. Bxf3 Nd7 27. e4 Bxe5 28. Bxe5 Nxe5 29. dxe5 Qxe5 30. Kg2 dxe4 31. Be2 Qc5 32. Rc3 Rf8 33. Rf1 Rxf1 34. Bxf1 Qd4 35. Rc2 e3 36. Kh2 Rf8 37. Bg2 h6 38. Qc6 Qe5 39. Re2 Rf2 40. Rxf2 exf2 41. Qe8+ Kh7 42. Qc6 Bd5 43. Bxd5 f1Q 44. Be4+ Kg8 45. Bd5+ Kf8 46. Qc8+ Ke7 47. Qb7+ Kd8 48. Qa8+ Kd7 49. Qxa7+ Qc7 50. Be6+ Kd6 51. Bg4 Qxa7 0-1

[Event "Copenhagen Challenge"]
[Site "Ballerup"]
[Date "2015.05.01"]
[Round "4"]
[White "Yildiz, Hasan"]
[Black "Pawlak, Wojciech Zbignew"]
[Result "1-0"]
[WhiteElo "1947"]
[BlackElo "1753"]
[PlyCount "77"]
[EventDate "2015.04.29"]
[EventType "swiss"]
[EventRounds "9"]
[EventCountry "DEN"]
[SourceTitle "CBM 166 Extra"]
[Source "ChessBase"]
[SourceDate "2015.06.18"]
[SourceVersion "1"]
[SourceVersionDate "2015.06.18"]
[SourceQuality "1"]

1. Nf3 Nf6 2. d3 d5 3. g3 g6 4. Bg2 Bg7 5. 0-0 0-0 6. Re1 c6 7. c3 Nbd7 8. Bg5 h6 9. Bd2 Re8 10. b4 Qc7 11. a4 Ne5 12. Nd4 a6 13. Na3 b5 14. axb5 cxb5 15. Naxb5 Qb6 16. Na3 Bb7 17. h3 Ned7 18. Be3 Qc7 19. Rc1 e5 20. Nb3 e4 21. Na5 Rac8 22. c4 Ba8 23. c5 exd3 24. Qxd3 Nh5 25. Rc2 d4 26. Bxd4 Bxg2 27. Kxg2 Rb8 28. Bxg7 Nxg7 29. Qc3 Ne5 30. N3c4 Nxc4 31. Nxc4 Qc6+ 32. f3 Nf5 33. e4 Ng7 34. Rd1 Red8 35. Rxd8+ Rxd8 36. Nd6 Ne8 37. e5 f5 38. Qc4+ Kf8 39. Qf7# 1-0

[Event "Copenhagen Bronshoj op"]
[Site "Copenhagen"]
[Date "2015.02.08"]
[Round "4"]
[White "Andersen, Daniel"]
[Black "Pawlak, Wojciech Zbignew"]
[Result "1-0"]
[WhiteElo "1930"]
[BlackElo "1736"]
[PlyCount "49"]
[EventDate "2015.02.06"]
[EventType "swiss"]
[EventRounds "7"]
[EventCountry "DEN"]
[SourceTitle "EXT 2016"]
[Source "ChessBase"]
[SourceDate "2015.10.08"]
[SourceVersion "1"]
[SourceVersionDate "2015.10.08"]
[SourceQuality "1"]

1. c4 Nf6 2. Nc3 g6 3. e4 d6 4. d4 Bg7 5. f3 0-0 6. Be3 e5 7. Nge2 Na6 8. Qd2 c5 9. d5 Ne8 10. g4 f5 11. gxf5 gxf5 12. exf5 Bxf5 13. Ng3 Bg6 14. Be2 Nb4 15. Nce4 Nf6 16. a3 Nxe4 17. fxe4 Qa5 18. Rc1 Nc6 19. dxc6 Qxd2+ 20. Kxd2 bxc6 21. h4 h6 22. h5 Bh7 23. Bg4 Rf4 24. Bxf4 exf4 25. Nf5 1-0

[Event "Borup Skovbo op"]
[Site "Borup"]
[Date "2014.09.13"]
[Round "8"]
[White "Pawlak, Wojciech Zbignew"]
[Black "Petersen, Henry"]
[Result "1-0"]
[WhiteElo "1705"]
[BlackElo "1455"]
[PlyCount "53"]
[EventDate "2014.09.05"]
[EventType "swiss"]
[EventRounds "9"]
[EventCountry "DEN"]
[SourceTitle "CBM 162 Extra"]
[Source "ChessBase"]
[SourceDate "2014.10.17"]
[SourceVersion "1"]
[SourceVersionDate "2014.10.17"]
[SourceQuality "1"]

1. c4 e5 2. g3 Nc6 3. Nc3 Nf6 4. Bg2 b6 5. Nf3 Bb7 6. 0-0 Bb4 7. d3 d6 8. Qc2 Bxc3 9. Qxc3 h6 10. h3 Qd7 11. b4 Ne7 12. e4 0-0-0 13. Kh2 g5 14. Be3 Rdg8 15. b5 Kb8 16. a4 Bc8 17. Ng1 h5 18. a5 Nh7 19. axb6 cxb6 20. Ra2 Bb7 21. Rfa1 Nc8 22. d4 Re8 23. dxe5 dxe5 24. Rd2 Qc7 25. Rad1 Re7 26. c5 bxc5 27. Bxc5 1-0

[Event "Koge Xtracon op"]
[Site "Koge"]
[Date "2013.10.16"]
[Round "3"]
[White "Pawlak, Wojciech Zbignew"]
[Black "Percivaldi, Martin"]
[Result "0-1"]
[WhiteElo "1681"]
[BlackElo "2191"]
[PlyCount "86"]
[EventDate "2013.10.14"]
[EventType "swiss"]
[EventRounds "9"]
[EventCountry "DEN"]
[SourceTitle "EXT 2014"]
[Source "ChessBase"]
[SourceDate "2013.11.20"]
[SourceVersion "1"]
[SourceVersionDate "2013.11.20"]
[SourceQuality "1"]

1. d4 d5 2. c4 c6 3. Nf3 Nf6 4. Nc3 a6 5. cxd5 cxd5 6. Bg5 Nc6 7. h3 Bf5 8. e3 e6 9. Bd3 Bxd3 10. Qxd3 Be7 11. 0-0 0-0 12. a3 h6 13. Bh4 Rc8 14. b4 a5 15. b5 Nb8 16. Rfc1 Nbd7 17. a4 Nb6 18. Ne5 Nfd7 19. Bxe7 Qxe7 20. Nxd7 Qxd7 21. Ne2 Nc4 22. Rc2 f5 23. Rac1 Qd6 24. f3 Rf7 25. Nf4 Rfc7 26. Ne2 Qb4 27. Nf4 Qd6 28. Ne2 g6 29. e4 Kg7 30. Qb3 b6 31. e5 Qe7 32. f4 Kf7 33. Kh2 Ke8 34. Qg3 Qg7 35. Qb3 Kd7 36. Ng1 g5 37. g3 Rg8 38. Ne2 Rcc8 39. Qf3 Qf7 40. Qd3 Qe7 41. Qb3 Qb4 42. Qxb4 axb4 43. Rb1 Na3 0-1

[Event "Hillerod op"]
[Site "Hillerod"]
[Date "2012.09.04"]
[Round "1"]
[White "Pawlak, Wojciech Zbignew"]
[Black "Jacobsen, Hans Endrup"]
[Result "0-1"]
[WhiteElo "1544"]
[BlackElo "1876"]
[PlyCount "60"]
[EventDate "2012.09.04"]
[EventType "swiss"]
[EventRounds "7"]
[EventCountry "DEN"]
[SourceTitle "EXT 2023"]
[Source "ChessBase"]
[SourceDate "2022.10.05"]
[SourceVersion "1"]
[SourceVersionDate "2022.10.05"]
[SourceQuality "1"]

1. d4 Nf6 2. c4 e6 3. Nf3 Bb4+ 4. Bd2 Qe7 5. Nc3 c6 6. g3 d5 7. cxd5 exd5 8. Bg2 Bf5 9. 0-0 Nbd7 10. Rc1 0-0 11. Re1 Bd6 12. Ng5 Ne4 13. Ngxe4 dxe4 14. d5 Nf6 15. Bg5 Rfe8 16. dxc6 bxc6 17. Qa4 Rab8 18. Red1 e3 19. f4 Qe6 20. Bxf6 Qxf6 21. Bxc6 Rec8 22. Bd7 Rb4 23. Qa6 Bxd7 24. Rxd6 Be6 25. f5 Rf8 26. Nd5 Qxb2 27. Ne7+ Kh8 28. Rc8 Bxc8 29. Nxc8 Qb1+ 30. Kg2 Qe4+ 0-1

[Event "Politiken Cup 32nd"]
[Site "Copenhagen"]
[Date "2010.08.05"]
[Round "7"]
[White "Pawlak, Wojciech Zbignew"]
[Black "Larsen, Eigil"]
[Result "0-1"]
[WhiteElo "1627"]
[BlackElo "1813"]
[PlyCount "112"]
[EventDate "2010.07.31"]
[EventType "swiss"]
[EventRounds "10"]
[EventCountry "DEN"]
[SourceTitle "CBM 137 Extra"]
[Source "ChessBase"]
[SourceDate "2010.09.01"]
[SourceVersion "1"]
[SourceVersionDate "2010.09.01"]
[SourceQuality "1"]

1. d4 Nf6 2. c4 e6 3. Nf3 b6 4. g3 Bb7 5. Bg2 c5 6. 0-0 cxd4 7. Nxd4 Bxg2 8. Kxg2 Be7 9. Bf4 0-0 10. Nc3 a6 11. e4 d6 12. e5 dxe5 13. Bxe5 Nfd7 14. Bxb8 Nxb8 15. Qf3 Ra7 16. Rad1 Qc8 17. b3 Rd8 18. Nde2 Rad7 19. Rxd7 Rxd7 20. Rd1 Nc6 21. Rxd7 Qxd7 22. Na4 b5 23. cxb5 axb5 24. Nac3 b4 25. Na4 g6 26. Nb6 Qc7 27. Nc4 Ne5 28. Qe4 Qc6 29. Qxc6 Nxc6 30. Kf3 f5 31. Ke3 Kf7 32. f3 e5 33. Nc1 Bg5+ 34. f4 exf4+ 35. gxf4 Be7 36. Nd3 Kg7 37. h3 Kh6 38. Kf3 Kh5 39. Kg3 Nd4 40. Nb6 Ne2+ 41. Kf3 Nc3 42. Nc1 Kh4 43. Nc4 Kxh3 44. Ne3 h6 45. Nc2 g5 46. fxg5 hxg5 47. Ne3 g4+ 48. Kf4 g3 49. Nd3 Nd5+ 50. Nxd5 g2 51. Nxe7 g1Q 52. Nxf5 Qg4+ 53. Ke5 Qe2+ 54. Kd4 Qxa2 55. Nxb4 Qf2+ 56. Ke5 Qe1+ 0-1

[Event "Politiken Cup 32nd"]
[Site "Copenhagen"]
[Date "2010.08.03"]
[Round "5"]
[White "Pawlak, Wojciech Zbignew"]
[Black "Andersen, Harry"]
[Result "0-1"]
[WhiteElo "1627"]
[BlackElo "1871"]
[PlyCount "24"]
[EventDate "2010.07.31"]
[EventType "swiss"]
[EventRounds "10"]
[EventCountry "DEN"]
[SourceTitle "CBM 137 Extra"]
[Source "ChessBase"]
[SourceDate "2010.09.01"]
[SourceVersion "1"]
[SourceVersionDate "2010.09.01"]
[SourceQuality "1"]

1. Nf3 Nf6 2. g3 d5 3. Bg2 c5 4. 0-0 Nc6 5. d3 g6 6. Nbd2 Bg7 7. e4 0-0 8. Re1 Bg4 9. c3 Rc8 10. Qc2 d4 11. Nb3 dxc3 12. Nxc5 Bxf3 0-1

[Event "Copenhagen sim2"]
[Site "Copenhagen"]
[Date "2010.08.02"]
[Round "?"]
[White "Danielsen, Henrik"]
[Black "Pawlak, Wojciech Zbignew"]
[Result "1/2-1/2"]
[WhiteElo "2512"]
[BlackElo "1627"]
[PlyCount "44"]
[EventDate "2010.08.02"]
[EventType "simul"]
[EventRounds "1"]
[EventCountry "DEN"]
[SourceTitle "CBM 137 Extra"]
[Source "ChessBase"]
[SourceDate "2010.09.01"]
[SourceVersion "1"]
[SourceVersionDate "2010.09.01"]
[SourceQuality "1"]

1. g3 d5 2. Nf3 Nf6 3. Bg2 c5 4. 0-0 Nc6 5. d3 e5 6. c4 Be6 7. cxd5 Nxd5 8. Nc3 Be7 9. Bd2 0-0 10. Nxd5 Bxd5 11. Bc3 Qc7 12. a4 Nd4 13. Nd2 Qc6 14. Bxd5 Qxd5 15. e4 Qe6 16. Bxd4 cxd4 17. Qb3 Qxb3 18. Nxb3 Bb4 19. Rac1 Rac8 20. f4 f6 21. f5 Kf7 22. Kf2 Ke7 1/2-1/2